Word Ladder: Math Quiz Stats

 Plays Quiz Updated Nov 11, 2017

Challenge
Share
Tweet
Embed
Score 0/24 Timer 03:00
2 Plays Today
Clue 4-Letter Word % Correct
The square of two•FOURˆ•
98.4%
Outside the base lines in baseballFOUL
97.2%
What NBC is on Saturday nightLIVE
89.7%
Not there, but ____HERE
88.7%
An underground excavationMINE
88.1%
An animal similar to a rabbitHARE
87.7%
[First rung] plus [eighth rung]•NINE•
87.7%
A unit of volume that beer is served byPINT
87.7%
[First rung] plus one•FIVE•
87.5%
A kind of coniferous treePINE
87%
A sheet of glass in the windowPANE
86.4%
Where money is madeMINT
86%
Clue 4-Letter Word % Correct
A role model or superpowered beingHERO
85.3%
Sugar ____CANE
85.1%
Heat and flame sourceFIRE
84.6%
To be concerned aboutCARE
84.1%
A young horseFOAL
82.6%
[First Rung] plus [Rung 8] minus [Rung 13]•ZERO•
79.7%
SoloLONE
78.6%
Term for the [Last Rung] in tennisLOVE
78.6%
Synonym for the [Last Rung]NONE
71.3%
A large collection of bubblesFOAM
67.9%
Solid or rigid in material stateFIRM
64.8%
Shape, or figureFORM
64.8%

Today's Daily Dose

You're not logged in!

Compare scores with friends on all Sporcle quizzes.
OR
Log In

You Might Also Like...

Show Comments

Extras

Top Quizzes Today


Score Distribution

Your Account Isn't Verified!

In order to create a playlist on Sporcle, you need to verify the email address you used during registration. Go to your Sporcle Settings to finish the process.

Report this User

Report this user for behavior that violates our Community Guidelines.

Details: